| 000 | 00606cam a2200229 a 4500 | ||
|---|---|---|---|
| 001 | 000014347 | ||
| 003 | UkOxU | ||
| 005 | 20200929163601.0 | ||
| 008 | 980504s1999 sp 000 f spa d | ||
| 020 | _a8420430838 | ||
| 082 |
_a863.64 _bM333c |
||
| 100 | 1 |
_aMarías, Javier, _d1951- _917831 |
|
| 245 | 1 | 0 |
_aCorazón tan blanco / _cJavier Marías. |
| 260 |
_aMadrid : _bAlfaguara, _c1999. |
||
| 300 |
_a377 p. ; _c22 cm. |
||
| 650 | 4 |
_aNovela española _91123 |
|
| 650 | 4 |
_aLiteratura española _9632 |
|
| 910 | _aCatalogación por copia/OXFORD | ||
| 910 | _aWM | ||
| 049 | _aBNGR | ||
| 999 |
_c13939 _d13939 |
||
| 040 | _aDO-SdBNP | ||